Marriage and Divorce in Islam (Record no. 6503)

MARC details
000 -LEADER
fixed length control field 00650nam a2200253 a 4500
020 ## - INTERNATIONAL STANDARD BOOK NUMBER
ISBN
082 00 - DEWEY DECIMAL CLASSIFICATION NUMBER
Classification number 340.59
Author Cutter ALI3
100 ## - MAIN ENTRY--AUTHOR NAME
Author name Ali, Zeenat Shaukat
245 ## - TITLE STATEMENT
Title Marriage and Divorce in Islam
Sub title An Appraisal
260 ## - PUBLICATION, DISTRIBUTION, ETC. (IMPRINT)
Place of publication Mumbai
Name of publisher Jaico Pub.House
Year of publication 1987
300 ## - PHYSICAL DESCRIPTION
Number of Pages 264p
500 ## - GENERAL NOTE
General note includes index and biblioraphy
505 2# - FORMATTED CONTENTS NOTE
Formatted contents note appendix, biblio,
650 ## - SUBJECT ADDED ENTRY--TOPICAL TERM
Topical Term Islamic-Law
650 ## - SUBJECT ADDED ENTRY--TOPICAL TERM
Topical Term Islam-Marriage and Divorce
942 ## - ADDED ENTRY ELEMENTS (KOHA)
Koha item type Books
700 1# -
-- Ali, Zeenat Shaukat
Holdings
Collection code Home library Current library Date acquired Cost, normal purchase price Full call number Accession Number Koha item type
  Henry Martyn Institute Library Henry Martyn Institute Library 03/19/2010 325.00 340.59 ALI3 012547 Books
                   Copyright © 2026 | Henry Martyn Institute | Hyderabad | TS-500052 | INDIA | Implemented by hmi.edu.in
Hit-Count:

Powered by Koha